000 00635nam a2200217Ia 4500
001 3325
003 GE_BSU
008 181216s||||||||xx |||||||||||||| ||und||
040 _cGE_BSU
080 _a621.65(075)
100 _aЦыбин,Л.А. Шанаев,И.Ф.
245 _aГидравлика и насосы.
245 _bУчебное пособие для техникумов.
245 _cНауч. ред. В.С.Муромов.
260 _aМ.
260 _bВысш. школа.
260 _c1976.
300 _a256 стр. с илл. 20 см.
653 _aГидравлика и насосы.
942 _cBK
999 _c37366
_d37366